000 00831nam a2200265Ia 4500
003 OSt
005 20221005040016.0
006 a|||||r|||| 00| 0
007 ta
008 221004b |||||||| |||| 00| 0 eng d
020 _a9789385957109 (hbk)
_cINR 1800.00
024 _a66795
037 _b122, 24/01/2020, Classic Book Service
_cTextual
040 _aCRL
_cCRL
_beng
041 _2eng
_aeng
082 _aY592.2, Q9
100 _aHarijan Vikram Au.
_9588849
245 0 _aProblem of caste in India
_b investigating history and historiography
260 _aDelhi
_bMeena Book Publications India
_c2019
300 _axxix,422p.
_ccm.
650 _a SOCIOLOGY
650 _aCASTE
942 _hY592.2, Q9
_cTEXL
_2cc
999 _c946224
_d946224